Report of the fifth session of the committee on aquaculture, Santiago de Compostela, Spain, 5 - 7 June 2006 = Rapport de la cinquième session du comité de l'aquaculture, Saint-Jacques-de-Compostelle, Espagne, 5 - 7 juin 2006

שמור ב:
מידע ביבליוגרפי
פורמט: ספר
שפה:Undetermined
יצא לאור: Rome, Italy FAO 2006
נושאים:
תגים: הוספת תג
אין תגיות, היה/י הראשונ/ה לתייג את הרשומה!
Thư viện lưu trữ: Trung tâm Học liệu Trường Đại học Cần Thơ
LEADER 00623nam a2200169Ia 4500
001 CTU_116694
008 210402s9999 xx 000 0 und d
082 |a 639 
082 |b R425/N802 
245 0 |a Report of the fifth session of the committee on aquaculture, Santiago de Compostela, Spain, 5 - 7 June 2006 = 
245 0 |b Rapport de la cinquième session du comité de l'aquaculture, Saint-Jacques-de-Compostelle, Espagne, 5 - 7 juin 2006 
260 |a Rome, Italy 
260 |b FAO 
260 |c 2006 
650 |a Fisheries, mediterranean 
904 |i Minh 
980 |a Trung tâm Học liệu Trường Đại học Cần Thơ